[Event "Trois-Rivieres Mauricie op"]
[Site "Trois Rivieres"]
[Date "1994.03.18"]
[Round "1"]
[White "Cordero, Jose Abreu"]
[Black "Cote, Jacques"]
[Result "1-0"]
[WhiteElo "2128"]
[BlackElo "1955"]
[PlyCount "77"]
[EventDate "1994.03.18"]
[EventType "swiss"]
[EventRounds "5"]
[EventCountry "CAN"]
[SourceTitle "EXT 2022"]
[Source "ChessBase"]
[SourceDate "2021.10.06"]
[SourceVersion "1"]
[SourceVersionDate "2021.10.06"]
[SourceQuality "1"]

1. c4 f5 2. d4 Nf6 3. Nc3 g6 4. e3 Bg7 5. Bd3 d6 6. Nf3 0-0 7. 0-0 Nc6 8. d5 Ne5 9. Nd4 c5 10. Nde2 a6 11. Rb1 Qe8 12. f4 Nxd3 13. Qxd3 Ne4 14. Nxe4 fxe4 15. Qc2 e5 16. dxe6 Bxe6 17. b3 b5 18. Rd1 Qc6 19. Bb2 b4 20. Bxg7 Kxg7 21. Ng3 Rad8 22. Rd2 h5 23. Rbd1 Bg4 24. Re1 Rfe8 25. Rd5 Kh6 26. f5 h4 27. h3 hxg3 28. hxg4 Re5 29. Rf1 Qe8 30. Qd1 Rxd5 31. Qxd5 Qe5 32. Qf7 gxf5 33. Qh5+ Kg7 34. Qg5+ Kh7 35. Qxd8 f4 36. Qh4+ Kg7 37. Rxf4 Qa1+ 38. Rf1 Qxa2 39. Qg5+ 1-0